Oceanografía para meteorólogos / (Record no. 36345)

MARC details
000 -LEADER
campo de control de longitud fija 00724nam a2200193 i 4500
001 - NÚMERO DE CONTROL
campo de control 36345
003 - IDENTIFICADOR DE NÚMERO DE CONTROL
campo de control ES-MaACL
005 - FECHA Y HORA DE LA ÚLTIMA TRANSACCIÓN
campo de control 20250802232300.0
007 - CAMPO FIJO DE DESCRIPCIÓN FÍSICA--INFORMACIÓN GENERAL
campo de control de longitud fija t|
008 - DATOS DE LONGITUD FIJA--INFORMACIÓN GENERAL
campo de control de longitud fija 030218s1958 sp ||||1| spa d
100 1# - ENTRADA PRINCIPAL--NOMBRE DE PERSONA
Nombre de persona Briones Viejobueno, José Luis de.
9 (RLIN) 31776
245 10 - MENCIÓN DEL TÍTULO
Título Oceanografía para meteorólogos /
Mención de responsabilidad, etc. José Luis de Briones Viejobueno.
260 ## - PUBLICACIÓN, DISTRIBUCIÓN, ETC.
Lugar de publicación, distribución, etc. Madrid :
Nombre del editor, distribuidor, etc. Sección de Meteorología Marítima,
Fecha de publicación, distribución, etc. 1958 (
Fabricante Virgen de Loreto)
300 ## - DESCRIPCIÓN FÍSICA
Extensión 131 p. ;
Dimensiones 24 cm.
500 ## - NOTA GENERAL
Nota general Precede al tít.: Ministerio del Aire. Dirección General de Protección del Vuelo. Servicio Meteorológico Nacional.
710 1# - ENTRADA AGREGADA--NOMBRE DE ENTIDAD CORPORATIVA
Nombre de entidad corporativa o nombre de jurisdicción como elemento de entrada España.
Unidad subordinada Ministerio del Aire
9 (RLIN) 3938
852 ## - LOCALIZACIÓN
Ubicación ES-MaACL
Número de control de estantería C-14681
Sublocalización o colección R.42842
Holdings
Estatus retirado Estado de pérdida Estado de daño No para préstamo Biblioteca de origen Biblioteca actual Ubicación en estantería Fecha de adquisición Fuente de adquisición Total de préstamos Signatura topográfica completa Código de barras Visto por última vez Precio de reemplazo Tipo de ítem Koha
        Biblioteca del Ateneo de Madrid Biblioteca del Ateneo de Madrid Ficheros 17/01/2008     C-14681 1038157 23/02/2023 23/02/2023 Libro impreso